Светодиодная гитара-самоучитель; Ресурсоэффективным технологиям - энергию и энтузиазм молодых

Bibliografske podrobnosti
Parent link:Ресурсоэффективным технологиям - энергию и энтузиазм молодых.— 2014.— [С. 161-163]
Korporativna značnica: Национальный исследовательский Томский политехнический университет (ТПУ) Физико-технический институт (ФТИ) Кафедра теоретической и экспериментальной физики (ТиЭФ)
Drugi avtorji: Фирсов М. М. (научный руководитель), Ильясова И. Э., Мамонов Д. В., Усольцев Д. В., Чернов А. В. Александр Владимирович
Izvleček:Заглавие с титульного экрана
Jezik:ruščina
Izdano: 2014
Serija:Изобретательские проекты
Teme:
Online dostop:http://earchive.tpu.ru/handle/11683/66044
http://www.lib.tpu.ru/fulltext/c/2014/C08/058.pdf
Format: Elektronski Book Chapter
KOHA link:https://koha.lib.tpu.ru/cgi-bin/koha/opac-detail.pl?biblionumber=606539

MARC

LEADER 00000naa2a2200000 4500
001 606539
005 20260302162958.0
035 |a (RuTPU)RU\TPU\conf\3918 
035 |a RU\TPU\conf\3917 
090 |a 606539 
100 |a 20140603d2014 k y0rusy50 ca 
101 0 |a rus 
102 |a RU 
135 |a drcn ---uucaa 
181 0 |a i  
182 0 |a b 
200 1 |a Светодиодная гитара-самоучитель  |f М. М. Фирсов, И. Э. Ильясова, Д. В. Мамонов, Д. В. Усольцев  |g науч. рук. А. В. Чернов 
203 |a Текст  |c электронный 
225 1 |a Изобретательские проекты 
300 |a Заглавие с титульного экрана 
320 |a [Библиогр.: с. 163 (3 назв.)] 
337 |a Adobe Reader 
463 1 |0 (RuTPU)RU\TPU\conf\3591  |t Ресурсоэффективным технологиям - энергию и энтузиазм молодых   |o Сборник научных трудов V Всероссийской конференции студентов элитного технического образования, г. Томск, 25 -27 марта 2014 г.  |f Национальный исследовательский Томский политехнический университет (ТПУ)   |v [С. 161-163]  |d 2014 
610 1 |a труды учёных ТПУ 
610 1 |a электронный ресурс 
610 1 |a светодиодные гитары 
610 1 |a гитары 
610 1 |a самоучители 
610 1 |a светодиоды 
701 1 |a Фирсов  |b М. М. 
701 1 |a Ильясова  |b И. Э. 
701 1 |a Мамонов  |b Д. В. 
701 1 |a Усольцев  |b Д. В. 
702 1 |a Чернов  |b А. В.  |c физик  |c старший преподаватель Томского политехнического университета  |f 1973-  |g Александр Владимирович  |4 727 
712 0 2 |a Национальный исследовательский Томский политехнический университет (ТПУ)  |b Физико-технический институт (ФТИ)  |b Кафедра теоретической и экспериментальной физики (ТиЭФ)  |3 (RuTPU)RU\TPU\col\18726 
801 2 |a RU  |b 63413507  |c 20210709  |g RCR 
856 4 |u http://earchive.tpu.ru/handle/11683/66044 
856 4 |u http://www.lib.tpu.ru/fulltext/c/2014/C08/058.pdf 
942 |c CF